000 01060nam a22001937a 4500
999 _c63005
_d63005
003 Ge_BSU
005 20250430120351.0
008 250430s1998 ge ||||| |||| 00| 0 geo d
041 _ageo
080 _a63:551.5(075.8) მ-53
100 _aმელაძე, გიორგი
_9824
245 _aეკოლოგია აგრომეტეოროლოგიის საფუძვლებით :
_bსახელმძღვანელო უმაღლესი სასწავლებლების სტუდენტებისათვის /
_c გიორგი მელაძე ; რედ. ე.ბ. გოგლიძე.
264 _aთბილისი :
_bავტორის გამოცემა,
_c1998.
300 _a256 გვ. :
_bცხრ., ნახ. ;
_c21 სმ.
504 _aბიბლიოგრ. გვ. 251-253
653 _aაგრომეტეოროლოგია
700 _aგოგლიძე, ე.
_eრედაქტორი
_924977
942 _2udc
_cᲬᲘᲒᲜᲘ